| 000 | 00448nam a22001577a 4500 | ||
|---|---|---|---|
| 005 | 20241025142844.0 | ||
| 008 | 241025b |||||||| |||| 00| 0 eng d | ||
| 020 | _a9780414071612 | ||
| 050 |
_aKD1641.K4 KEA _b1 |
||
| 245 | _aKeating on Construction Contracts | ||
| 250 | _a3rd Cumulative Supplementary to the 10th ed. | ||
| 260 |
_aLondon _bSweet & Maxwell _c2019 |
||
| 300 |
_acix, 295 pages. _bIndex _c23.5 cm |
||
| 650 | _2Law | ||
| 942 |
_2lcc _cBK _n0 |
||
| 999 |
_c199 _d199 |
||